1802 1368 1582 1996 1320 1449 1373 1706 1742 1403 1572 1767 1842 1598 1253 1148 1143 1149 1180 1896 1246 1391 1611 1306 1243 1318 1812 1338 1380 1865 1898 1688 1529 1767 1983 1210 1007 1848 1700 1971 1864 1757 1373 1328 1031 1386 1205 1970 1912 1444 1399 1122 1256 1024 1124 1898 1283 1663 1751 1410 1183 1710 1870 1123 1416 1675 1222 1221 1768 1434 1241 1881 1987 1180 1535 1519 1386 1107 1909 1036 1800 1139 1508 1500 1606 1168 1266 1371 1593 1991 1142 1846 1738 1785 1184 1970 1533 1005 1469 BCNSPRNW ULIB Ver.6.0+V

เปลี่ยนเป็นภาษาไทย

Change to English
 แสดงรายละเอียดบรรณานุกรม
  กลับหน้าหลัก

Brief Record : Get Marc (ISO 2709) : E-mail record : QR code < ปิดหน้าต่าง
LEADER : 00000nam 2200000uu 4500
001    13399109833
003     ULIB
008    110303s||||||||th 000 0 tha d
020    9747762811
060 04 WC503.7^bก169ค ล.3 2539
110 1  กระทรวงสาธารณสุข^bกรมสุขภาพจิต
245 00 คู่มือการฝึกอบรมการให้คำปรึกษาเรื่องโรคเอดส์ เล่มที่3 /^cกรมสุขภาพจิต
260    [นนทบุรี] :^bกรมสุขภาพจิต,^c2539
300    19 หน้า
650  7 การให้คำปรึกษา
650  7 โรคเอดส์
945    ^p0^l0^i029162
995    ทศพร
999 ^a ใช้งานได้ทุกระบบ
รายการนี้ยังไม่มีแท็ก
คุณยังไม่ได้ล็อกอิน คุณสามารถมีกิจกรรมร่วมกับเว็บไซต์ได้ แต่ต้องล็อกอินก่อน ::
  ล็อกอิน

รายการสื่อสารสนเทศ

ลำดับที่ ประเภท เลขเรียก/บาร์โค้ด สถานที่ สถานะ
- ไม่พบข้อมูล -

รายการใกล้เคียง
    หัวเรื่อง [การให้คำปรึกษา]
    หัวเรื่อง [โรคเอดส์]

BibComment


ยังไม่เคยถูกคอมเมนท์

คอมเมนท์ทรัพยากรรายการนี้
  คอมเมนท์: คู่มือการฝึกอบรมก..


 Copyright 2026. Bcnsprnw @Library